000
00257nam a22000977a 4500
008
240909b |||||||| |||| 00| 0 eng d
020
_a
9789359588353
100
_a
Oswaal
_9
7599
245
_a
CBSE QUESTION BANK (ECONOMICS)-12
260
_a
New Delhi
_b
Oswaal
_c
2024
999
_c
12667
_d
12667